1096 1355 1167 1198 1173 1602 1465 1041 1043 1236 1434 1269 1129 1249 1855 1403 1608 1519 1833 1634 1603 1255 1088 1529 1813 1352 1660 1408 1770 1500 1000 1575 1661 1384 1811 1500 1252 1481 1051 1473 1776 1111 1446 1225 1177 1841 1628 1786 1509 1782 1187 1734 1036 1781 1225 1953 1080 1438 1583 1743 1389 1937 1998 1305 1892 1827 1370 1518 1776 1494 1553 1003 1510 1159 1105 1853 1485 1512 1511 1990 1906 1480 1377 1681 1296 1154 1622 1483 1598 1224 1544 1198 1866 1511 1527 1779 1317 1708 1256 BCNSPRNW ULIB Ver.6.0+V

เปลี่ยนเป็นภาษาไทย

Change to English
 แสดงรายละเอียดบรรณานุกรม
  กลับหน้าหลัก

Brief Record : Get Marc (ISO 2709) : E-mail record : QR code < ปิดหน้าต่าง
LEADER : 00000nam 2200000uu 4500
001    13399114383
003     ULIB
008    120327s2552||||th 000 0 tha d
020    ^a9786169003359
090    ^aนว.^bว295ฝ 2552
100 0  ^aวรันธร
245 00 ^aฝากหัวใจทำนายรัก/^cวรันธร
250    ^aพิมพ์ครั้งที่ 1
260    ^aกรุงเทพฯ :^bบลูบัตเตอร์ฟลาย,^c2552
300    ^a318 หน้า
710 1  ^aบลูบัตเตอร์ฟลาย
945    ^p236^l0^i17054
995    ^aกัณชพร
999    ^aใช้งานได้ทุกระบบ
รายการนี้ยังไม่มีแท็ก
คุณยังไม่ได้ล็อกอิน คุณสามารถมีกิจกรรมร่วมกับเว็บไซต์ได้ แต่ต้องล็อกอินก่อน ::
  ล็อกอิน

รายการสื่อสารสนเทศ

ลำดับที่ ประเภท เลขเรียก/บาร์โค้ด สถานที่ สถานะ
1. วิทยาศาสตร์การแพทย์ และสุขภาพ
วิทยาศาสตร์การแพทย์ และสุขภาพ
นว. ว295ฝ 2552  
  Barcode: 17054
ห้องสมุดวิทยาเขตสวรรค์ประชารักษ์
►นวนิยาย
บนชั้น
  ขอยืม

รายการใกล้เคียง
    ผู้แต่ง [วรันธร]

BibComment


ยังไม่เคยถูกคอมเมนท์

คอมเมนท์ทรัพยากรรายการนี้
  คอมเมนท์: ฝากหัวใจทำนายรัก..


 Copyright 2026. Bcnsprnw @Library